000 00392 a2200121 4500
001 ART_40494
005 20260410161842.0
008 260409a
245 1 0 _aDecisión de la Corte Suprema en un caso de materia previsional militar
100 1 _aTorres, Ismael F.
700 1 _aFuria de Torres, Lilian Alicia G.
773 0 _tRAP
_g- Año 38, Nº 456 (sep. 2016)
_wREV5941
999 _c24187
_d24187